| 000 | 00548nam a22001697a 4500 | ||
|---|---|---|---|
| 020 | _a9695033644 | ||
| 082 |
_a891.439301 _bAFZ |
||
| 100 | _aAfzal, Mian Muhammad | ||
| 245 |
_aqaboos naama/ _cMian Muhammad Afzal |
||
| 260 |
_aLahore; _bAL Faisal Nashran, _c2011. |
||
| 300 |
_a238 _c24cm. |
||
| 650 |
_aUrdu Novel _92511 |
||
| 880 |
_6100-01\(3\r _aقابوس نامہ\ |
||
| 880 |
_6245-02\(3\r _aقابوس نامہ _bمیاں محمد افضل |
||
| 880 |
_6260-03\(3\r _aلاہور: _bلفیصل ناشران, _c2011 |
||
| 942 |
_2ddc _cBK |
||
| 999 |
_c614126 _d614126 |
||